Responses for Show #1913 - Wednesday, December 23, 1992

Contestants

[<< previous game]

Joe Santora, Jr., a teacher from Newton, New Jersey

Jerry Reynolds, a business executive from Atlanta, Georgia

Victoria Bassetti, a law student from New Orleans, Louisiana (whose 2-day cash winnings total $16,299)

[next game >>]

Jeopardy! Round responses

FABRICS
POLITICIANS
CHRISTMAS SONGS
STATE FLAGS
ODDS & ENDS
"PO"-POURRI
(Alex: But unlike yesterday's program where it was P-O-E, this is P-O. Those two letters of the alphabet in that order will appear in each correct response.)
    $100 1
Michigan

Joe
    $100 2
Tip O'Neill

Victoria
    $100 8
"It Came Upon A Midnight Clear"

Jerry
    $100 7
Kansas

Jerry
    $100 21
a snake

Victoria
    $100 26
the pope

Jerry
    $200 14
camel's hair

Victoria
    $200 3
India

Victoria
    $200 9
"My Two Front Teeth"

Joe
    $200 10
Florida

Victoria
    $200 22
Li'l Abner

Jerry
    $200 27
Poland

Jerry
    $300 15
Linsey-woolsey

Triple Stumper
    $300 4
Washington, D.C

Victoria
    $300 17
Parson Brown

Jerry
    $300 11
the pelican

Joe
    $300 23
(Victoria: What is five to [*]?)

the fourth

Victoria
    $300 28
a posy

Triple Stumper
    $400 16
Damascus

Jerry
    $400 5
(Jerry: What is McKenzie?)

John Major

Jerry
Triple Stumper
    $400 18
Jose Feliciano

Victoria
    $400 12
(Joe: What is Michigan?)
(Jerry: What is Minnesota?)
...
(Alex: Both of you in the right part of the country, the correct response, what is [*]?)

Wisconsin

JerryJoe
Triple Stumper
    $400 24
Tomorrow

Joe
    $400 30
a poker face

Jerry
    $500 20
(Jerry: What is broadloom?)
...
(Alex: Broadloom, of course, Jerry, is carpeting. [*] refers to fabric.)

broadcloth

Jerry
Triple Stumper
    $500 6
Leningrad

Joe
    $300 19
(Victoria: What is "Jingle Bell Rock"?)

"The Little Drummer Boy"

Victoria
    $500 13
Illinois

Victoria
    $500 25
Memorial Day

Joe
    $500 29
a polecat

Joe

Scores at the first commercial break (after clue 15):

Victoria Jerry Joe
$1,500 -$600 $700

Scores at the end of the Jeopardy! Round:

Victoria Jerry Joe
$2,000 $500 $2,100

Double Jeopardy! Round responses

THE ORIENT
U.S. HISTORY
THE PLANETS
THE VIKINGS
WRITERS
BUSINESS & INDUSTRY
    $200 10
Confucius

Jerry
    $200 4
the FCC

Victoria
    $200 27
Mercury

Victoria
    $200 22
Thor

Jerry
    $200 11
Prizzi's Honor

Victoria
    $200 26
(Victoria: What is Purina?)
(Alex: Who, can we accept that? More specific? Give you another shot at it.)

Ralston Purina

Victoria
    $400 16
the tea ceremony

Joe
    $400 5
the USS Constitution

Jerry
    $400 28
(Joe: What are moons?)

rings

VictoriaJoe
    $400 21
runes

Triple Stumper
    $400 12
Annie Get Your Gun

Victoria
    $400 23
Gerber

Jerry
    $600 15
Chiang Kai-shek

Joe
    $600 6
the Volstead Act

Jerry
    $600 29
Saturn

Joe
    $600 20
England

Joe
    $600 13
(Victoria: Who is Germaine Greer?)
...
(Alex: Germaine Greer wrote The Female Eunuch, I believe.)

Betty Friedan

VictoriaJoe
    $600 3
Gillette

Joe
    $800 14
Seoul

Joe
    $800 7
Maine

Joe
    $800 30
(Victoria: What is Jupiter?)

Neptune

VictoriaJoe
    $800 19
(Jerry: What is mead?)

whey

Jerry
Triple Stumper
    $800 25
V.I. Warshawski

Jerry
    $800 2
IBM

Victoria
    $1000 9
(Joe: What is Goa?)

Macau

VictoriaJoe
    $2,000 8
James Madison

Joe
    $1000 17
(Victoria: What is Pluto?)
...
(Alex: Then the pressure and the high temperatures will eat it up on [*].)

Jupiter

Victoria
Triple Stumper
    $1000 18
(Jerry: What is Nova Scotia?)
(Joe: What is Labrador?)
...
(Alex: Although Labrador is part of this province, [*].)

Newfoundland

JerryJoe
Triple Stumper
    $1,500 24
(Jerry: What is Jackson, Mississippi?)
(Alex: No, you're in the right state, though, darn. What is [*]?)

Oxford, Mississippi

Jerry
    $1000 1
Bridgestone

Jerry

Scores at the end of the Double Jeopardy! Round:

Victoria Jerry Joe
$3,000 $800 $7,500
(lock game)

[wagering suggestions for these scores]

Final Jeopardy! Round responses

BOTANY
JerryWhat is rye
$100
VictoriaWhat is hay?
$3,000
JoeWhat is clover
$1,499
clover

Final scores:

Victoria Jerry Joe
$0 $700 $8,999
3rd place: Gruen watch + Wheel of Fortune & Jeopardy! games for the Super Nintendo & Sega Genesis 2nd place: a trip to St. Croix, U.S. Virgin Islands New champion: $8,999

Game dynamics:

Coryat scores:

Victoria Jerry Joe
$3,300 $2,300 $6,500
17 R,
4 W
(including 1 DD)
15 R,
6 W
(including 1 DD)
17 R
(including 1 DD),
4 W

Combined Coryat: $12,100

[game clues] [game scores] [suggest correction]

Game tape date: 1992-09-14
The J! Archive is created by fans, for fans. Scraping, republication, monetization, and malicious use prohibited; this site may use cookies and collect identifying information. See terms. The Jeopardy! game show and all elements thereof, including but not limited to copyright and trademark thereto, are the property of Jeopardy Productions, Inc. and are protected under law. This website is not affiliated with, sponsored by, or operated by Jeopardy Productions, Inc. Join the discussion at JBoard.tv.